书目信息 |
| 题名: |
定点清除
|
|
| 作者: | 宁凌 , 向松波 , 张军胜 编著 | |
| 分册: | ||
| 出版信息: | 北京 军事谊文出版社 2006 |
|
| 页数: | 245页 | |
| 开本: | 20cm | |
| 丛书名: | 新理念战争丛书 | |
| 单 册: | ||
| 中图分类: | E839.9 | |
| 科图分类: | ||
| 主题词: | 高技术常规战争--研究--Gao Ji Shu Chang Gui Zhan Zheng | |
| 电子资源: | ||
| ISBN: | 7-80150527-1 | |
| 000 | 01348nam0 2200349 450 | |
| 000 | 01311nam0 2200337 450 | |
| 000 | 01310nam0 2200349 450 | |
| 000 | 01256nam0 2200325 450 | |
| 000 | 01274nam0 2200313 450 | |
| 000 | 01237nam0 2200301 45 | |
| 001 | 0195145390 | |
| 005 | 20061210144446.17 | |
| 010 | @a7-80150527-1@dCNY17.00 | |
| 100 | @a20060829d ekmy0chiy0110 ea | |
| 101 | 0 | @achi |
| 102 | @aCN@b110000 | |
| 105 | @ay z 000yy | |
| 200 | 1 | @a定点清除@Ading dian qing chu@f宁凌,向松波,张军胜编著@FNing Ling, Xiang Song Bo, Zhang Jun Sheng Bian Zhu |
| 210 | @a北京@c军事谊文出版社@d2006 | |
| 215 | @a245页@d20cm | |
| 225 | 2 | @a新理念战争丛书@AXin Li Nian Zhan Zheng Cong Shu |
| 330 | @a本书详细介绍了定点清楚的概念和意义,并举实例进行了介绍。本书较为系统地阐述了定点清楚这一独特的战争样式以及有关知识背景,尽可能地反映出与之相关的最新理论成果和最新动态。 | |
| 410 | 0 | @12001 @a新理念战争丛书 |
| 606 | 0 | @a高技术常规战争@x研究@AGao Ji Shu Chang Gui Zhan Zheng |
| 690 | @aE839.9@v4 | |
| 701 | 0 | @a宁凌@Aning ling@4编著 |
| 701 | 0 | @a向松波@Axiang song bo@4编著 |
| 701 | 0 | @a张军胜@AZhang Jun Sheng@4编著@AZhang Jun Sheng |
| 801 | 2 | @aCN@b中图数据@c20061210 |
| 905 | @a10447@dE839.9@e24 | |
| 定点清除/宁凌,向松波,张军胜编著.-北京:军事谊文出版社,2006 |
| 245页;20cm.-(新理念战争丛书) |
| ISBN 7-80150527-1:CNY17.00 |
| 本书详细介绍了定点清楚的概念和意义,并举实例进行了介绍。本书较为系统地阐述了定点清楚这一独特的战争样式以及有关知识背景,尽可能地反映出与之相关的最新理论成果和最新动态。 |
| ● |
| 相关链接 |
|
|
|
|
正题名:定点清除
索取号:E839.9/24
 
预约/预借
| 序号 | 登录号 | 条形码 | 馆藏地/架位号 | 状态 | 备注 |
| 1 | 0607257 | 206072578 | 第一样本阅览室/ [索取号:E839.9/24] | 在馆 | |
| 2 | 0607258 | 206072587 | 第一借阅区/ [索取号:E839.9/24] | 在馆 | |
| 3 | 0607259 | 206072596 | 第一借阅区/ [索取号:E839.9/24] | 在馆 | |
| 4 | 0607260 | 206072603 | 第一借阅区/ [索取号:E839.9/24] | 在馆 | |
| 5 | 0607261 | 206072612 | 第一借阅区/ [索取号:E839.9/24] | 在馆 |